Exhibition as social intervention : (Record no. 767)

MARC details
000 -LEADER
campo de control de longitud fija 02344cam a2200397Ia 4500
001 - NÚMERO DE CONTROL
campo de control 11011778
005 - FECHA Y HORA DE LA ÚLTIMA TRANSACCIÓN
campo de control 20220326193336.0
008 - DATOS DE LONGITUD FIJA--INFORMACIÓN GENERAL
campo de control de longitud fija 131102s2014 enkab b 001 0 eng d
020 ## - NÚMERO INTERNACIONAL ESTÁNDAR DEL LIBRO
Número Internacional Estándar del Libro 9783863354480 (Koenig)
020 ## - NÚMERO INTERNACIONAL ESTÁNDAR DEL LIBRO
Número Internacional Estándar del Libro 3863354486 (Koenig)
020 ## - NÚMERO INTERNACIONAL ESTÁNDAR DEL LIBRO
ISBN cancelado o inválido 978184638138X (Afterall)
020 ## - NÚMERO INTERNACIONAL ESTÁNDAR DEL LIBRO
Número Internacional Estándar del Libro 9781846381386 (Afterall : corrected)
020 ## - NÚMERO INTERNACIONAL ESTÁNDAR DEL LIBRO
Número Internacional Estándar del Libro 184638138X (Afterall : corrected)
024 ## - IDENTIFICADOR DE OTROS ESTÁNDARES
Número estándar o código 40024200933
035 ## - NÚMERO DE CONTROL DEL SISTEMA
Número de control de sistema (OCoLC)862101075
Número de control cancelado/no válido (OCoLC)862037161
035 ## - NÚMERO DE CONTROL DEL SISTEMA
Número de control de sistema (OCoLC)ocn862101075
035 ## - NÚMERO DE CONTROL DEL SISTEMA
Número de control de sistema (NNC)11011778
040 ## - FUENTE DE CATALOGACIÓN
Centro catalogador/agencia de origen BTCTA
Lengua de catalogación eng
Centro/agencia transcriptor BTCTA
Centro/agencia modificador ERASA
-- YDXCP
-- QGK
-- VVPCS
-- NhCcYBP
043 ## - CÓDIGO DE ÁREA GEOGRÁFICA
Código de área geográfica n-us-il
082 04 - NÚMERO DE LA CLASIFICACIÓN DECIMAL DEWEY
Número de clasificación 707
Número de ítem D298e
100 1# - ENTRADA PRINCIPAL--NOMBRE DE PERSONA
Nombre de persona Decter, Joshua.
9 (RLIN) 4102
245 10 - MENCIÓN DEL TÍTULO
Título Exhibition as social intervention :
Resto del título 'Culture in action' 1993 /
Mención de responsabilidad, etc. Joshua Decter and Helmut Draxler.
260 ## - PUBLICACIÓN, DISTRIBUCIÓN, ETC.
Lugar de publicación, distribución, etc. London :
Nombre del editor, distribuidor, etc. Afterall,
Fecha de publicación, distribución, etc. 2014.
300 ## - DESCRIPCIÓN FÍSICA
Extensión 224 p. :
Otras características físicas ill. (some col.), maps ;
Dimensiones 22 cm.
490 1# - MENCIÓN DE SERIE
Mención de serie Exhibition histories
500 ## - NOTA GENERAL
Nota general "With additional essays by Hafþór Yngvason and Joe Scanlan ; interviews with artists Mark Dion (conducted by Stephanie Smith) and Simon Grennan (conducted by Lucy Steeds) and artist Daniel J. Martinez in conversation with Michael Brenson ; statement by curator Mary Jane Jacob ; and an introduction by David Morris and Paul O'Neill"--Title page.
504 ## - NOTA DE BIBLIOGRAFÍA, ETC.
Nota de bibliografía, etc. Includes bibliographical references and index.
505 00 - NOTA DE CONTENIDO CON FORMATO
Título Introduction : exhibition as social intervention /
Mención de responsabilidad David Morris and Paul O'Neill --
Título Culture in action : exhibition as social redistribution /
Mención de responsabilidad Joshua Decter --
Título The turn from the turns : an avant-garde moving out the centre (1986-93) /
Mención de responsabilidad Helmut Draxler --
Título 'Culture in action', Chicago, 1993 --
-- The new public art : as opposed to what? /
Mención de responsabilidad Hafþór Yngvason, 1993 --
Título 'Culture in action' /
Mención de responsabilidad Joe Scanlan, 1993 --
Título 'Chicago is culture in action' /
Mención de responsabilidad Mary Jane Jacob, 2013 --
Título Interviews /
Mención de responsabilidad Mark Dion in correspondence with Stephanie Smith ; Simon Grennan, of Grennan & Sperandio, in conversation with Lucy Steeds ; Daniel J. Martinez and Michael Brenson in conversation.
650 #0 - PUNTO DE ACCESO ADICIONAL DE MATERIA--TÉRMINO DE MATERIA
Término de materia o nombre geográfico como elemento de entrada Art and society.
9 (RLIN) 200
650 #0 - PUNTO DE ACCESO ADICIONAL DE MATERIA--TÉRMINO DE MATERIA
Término de materia o nombre geográfico como elemento de entrada Public art
Subdivisión geográfica Illinois
-- Chicago.
9 (RLIN) 4103
650 #0 - PUNTO DE ACCESO ADICIONAL DE MATERIA--TÉRMINO DE MATERIA
Término de materia o nombre geográfico como elemento de entrada Community arts projects
Subdivisión geográfica Illinois
-- Chicago.
9 (RLIN) 4104
700 1# - ENTRADA AGREGADA--NOMBRE PERSONAL
Nombre de persona Draxler, Helmut.
9 (RLIN) 4105
830 #0 - PUNTO DE ACCESO ADICIONAL DE SERIE-TÍTULO UNIFORME
Título uniforme Exhibition histories.
9 (RLIN) 4101
948 1# - PROCESAMIENTO DE INFORMACIÓN LOCAL (OCLC); DESIGNADOR DE PARTE DE LA SERIE (RLIN)
Designador de la parte de la serie, SPT (RLIN) 20141203
b (OCLC) c
c (OCLC) tp2276
d (OCLC) MPS
Holdings
Estatus retirado Estado de pérdida Fuente del sistema de clasificación o colocación Estado de daño No para préstamo Biblioteca de origen Biblioteca actual Ubicación en estantería Fecha de adquisición Total de préstamos Signatura topográfica completa Código de barras Visto por última vez Precio de reemplazo Tipo de ítem Koha
    Clasificación Decimal Dewey     Biblioteca LadoV Biblioteca LadoV   30/10/2015   707 D298e 004128 30/10/2015 30/10/2015 Material 01